Loading...
| Mythology | 0 | 7 | 0 | 3 | 70 | 103 | 131.29 | 0 | 7 |
| Literature - British Literature | 0 | 6 | 0 | 0 | 60 | 114 | 133.33 | 2 | 6 |
| History - Other History | 0 | 5 | 0 | 1 | 50 | 78 | 101.40 | 1 | 5 |
| Religion | 1 | 3 | 1 | 0 | 40 | 35 | 96.00 | 3 | 4 |
| Social Science | 0 | 4 | 1 | 1 | 35 | 73 | 114.50 | 0 | 4 |
| History - European History | 0 | 4 | 1 | 2 | 35 | 119 | 124.75 | 2 | 4 |
| History - World History | 1 | 3 | 2 | 3 | 35 | 55 | 108.25 | 1 | 4 |
| Literature - American Literature | 0 | 4 | 1 | 0 | 35 | 101 | 125.50 | 1 | 4 |
| History - American History | 0 | 3 | 0 | 2 | 30 | 115 | 125.33 | 0 | 3 |
| Philosophy | 0 | 3 | 0 | 0 | 30 | 116 | 122.00 | 2 | 3 |
| Pop Culture | 0 | 2 | 0 | 1 | 20 | 97 | 114.50 | 1 | 2 |
| Literature - European Literature | 0 | 2 | 0 | 0 | 20 | 128 | 137.50 | 0 | 2 |
| Literature - World Literature | 0 | 2 | 1 | 0 | 15 | 139 | 143.00 | 1 | 2 |
| Fine Arts - Auditory Fine Arts | 0 | 2 | 1 | 0 | 15 | 124 | 124.00 | 1 | 2 |
| Geography | 0 | 1 | 0 | 0 | 10 | 96 | 96.00 | 0 | 1 |
| Current Events | 0 | 1 | 0 | 0 | 10 | 129 | 129.00 | 1 | 1 |
| Fine Arts - Visual Fine Arts | 0 | 1 | 1 | 0 | 5 | 119 | 119.00 | 0 | 1 |
| Fine Arts - Other Fine Arts | 0 | 1 | 2 | 1 | 0 | 140 | 140.00 | 0 | 1 |
| Science - Other Science | 0 | 0 | 1 | 0 | -5 | 0.00 | 0 | 0 |